000 00698nam a2200241Ia 4500
003 OSt
005 20221005090733.0
006 a|||||r|||| 00| 0
007 ta
008 221004b |||||||| |||| 00| 0 eng d
024 _a18566
037 _bGift, 03/06/2015,
_cTextual
040 _aCRL
_cCRL
_beng
041 _2eng
_aeng
082 _aO111,1L99:g, G6
100 _aYarmolinsky Avrahm
245 0 _aPoems, prose and plays of Alexander Pushkin
260 _aNew York
_bModern Library U.S.A
_c1936
300 _a896p.
_ccm.
650 _aENGLISH LITERATURE
942 _hO111,1L99:g, G6
_cTEXL
_2cc
999 _c996289
_d996289